|
|
|
|
| LEADER |
00000nab a22000001a 4500 |
| 001 |
vtls010309222 |
| 003 |
SK-MaSNL |
| 005 |
20260304214025.0 |
| 008 |
110907d19371214xo |r|p|||| |000 b|slo |
| 015 |
|
|
|a SNBRRBVU1918-1938
|
| 038 |
|
|
|a SNKBUCL
|
| 040 |
|
|
|a SNKBUVU
|b slo
|c SNKBUCL
|e AACR2
|
| 041 |
0 |
|
|a slo
|
| 044 |
|
|
|a xo
|c SK
|
| 080 |
|
|
|a 730.071.1
|2 1997
|
| 080 |
|
|
|a 725.94
|2 1997
|
| 245 |
0 |
0 |
|a Dva pomníky Sládkovičovi
|
| 500 |
|
|
|a V rubrike Kultúrne poznámky
|
| 600 |
1 |
7 |
|a Motoška, Frico,
|d 1891-1956
|2 MM
|9 147421
|
| 600 |
1 |
7 |
|a Majerský, Ladislav,
|d 1900-1965
|2 MM
|9 38640
|
| 600 |
1 |
7 |
|a Sládkovič, Andrej,
|d 1820-1872
|2 MM
|9 17115
|
| 650 |
0 |
7 |
|a slovenské sochárstvo
|2 MM
|9 3052
|
| 650 |
0 |
7 |
|a pomníky
|2 MM
|9 3013
|
| 650 |
0 |
7 |
|a sochy
|2 snkbucl
|9 29846
|
| 651 |
|
7 |
|a Radvaň (Banská Bystrica, Slovensko)
|2 MM
|9 30653
|
| 651 |
|
7 |
|a Senica (Slovensko)
|2 MM
|9 25102
|
| 773 |
0 |
|
|t Ľudová politika
|g Roč. 13, č. 280 (14.12.1937), s. 2
|
| 852 |
|
|
|a SNK
|b KIS3GCP
|
| 910 |
|
|
|a snkrbvumm
|
| 958 |
|
|
|a VY
|
| 999 |
|
|
|c 3139073
|d 3141003
|